| 000 | 00348nam a22001457a 4500 | ||
|---|---|---|---|
| 008 | 230606b ||||| |||| 00| 0 eng d | ||
| 020 | _a9781680367614 | ||
| 041 | _aeng | ||
| 080 |
_2SIXTH EDITION _a37 |
||
| 082 | _a37DAY | ||
| 100 | _a23 | ||
| 101 | _aEDU | ||
| 245 |
_aPRINCIPLES OF ORAL COMMUNICATION _cUNIVERSITY OF DAYTON |
||
| 942 |
_2udc _cBK |
||
| 999 |
_c59923 _d59923 |
||